| 000 | 00362nam a2200145Ia 4500 | ||
|---|---|---|---|
| 008 | 150201s2014 xx 000 0 und d | ||
| 082 |
_a612.015 _bB14S |
||
| 100 | _aSHARMA,SURESH K. | ||
| 245 | _aTB. OF BIOCHEMISTRY & BIOPHYSICS FOR NURSES | ||
| 250 | _a1ST | ||
| 260 |
_bJAYPEE _aDELHI _c2014 |
||
| 300 | _a290 | ||
| 650 | _aBIOCHEMISTRY | ||
| 942 |
_2ddc _cBK _032 |
||
| 999 |
_c2426 _d2426 |
||